Khảo sát, thiết kế đường ô tô

Guardat en:
Dades bibliogràfiques
Autor principal: Dương Học Hải
Format: Llibre
Idioma:Undetermined
Publicat: Hà Nội KHKT 1984
Matèries:
Etiquetes: Afegir etiqueta
Sense etiquetes, Sigues el primer a etiquetar aquest registre!
Thư viện lưu trữ: Trung tâm Học liệu Trường Đại học Cần Thơ
LEADER 00532nam a2200181Ia 4500
001 CTU_14560
008 210402s9999 xx 000 0 und d
082 |a 625.7 
082 |b H103 
100 |a Dương Học Hải 
245 0 |a Khảo sát, thiết kế đường ô tô 
245 0 |c Dương Học Hải, Đỗ Dũng 
260 |a Hà Nội 
260 |b KHKT 
260 |c 1984 
650 |a roads 
904 |i Nguyễn Quang Điền, 970106 
980 |a Trung tâm Học liệu Trường Đại học Cần Thơ